| 000 | 01457cam a2200373 4500 | ||
|---|---|---|---|
| 008 | 020726n2002 000 0 eng u | ||
| 020 | _a1860721583 | ||
| 035 | _a(Sirsi) u119076 | ||
| 041 | _aeng. | ||
| 050 | _a333.330942 | ||
| 100 | _aCharman, J. | ||
| 245 | 4 | _aThe ICSA property handbook | |
| 260 |
_aLondon _bICSA _c2002 |
||
| 300 |
_axxii,310p. _c24cm. |
||
| 350 | _a39.99 | ||
| 520 | _aPulls together all the issues related to managing property, showing readers how to maximise the benefits of property ownership. Covers legislative developments, and deals with practical issues such as renewing and terminating a lease, dilapidations and repairs, from the point of view of both landlord and tenant. Also looks at the advantages and disadvantages of buying and letting property and offers step-by-step guidance on what to expect from an advisor. | ||
| 650 | _aPROPERTY ISSUES | ||
| 650 | _aOCCUPIERS' LIABILITY | ||
| 650 | _aRATES | ||
| 650 | _aPROPERTY MAINTENANCE | ||
| 650 | _aTRESPASS | ||
| 650 | _aVALUATIONS | ||
| 650 | _aESTATE AGENCY | ||
| 650 | _aTOWN AND COUNTRY PLANNING | ||
| 650 | _aCOMPULSORY PURCHASE AND COMPENSATION | ||
| 650 | _aRENTING | ||
| 650 | _aPRIVITY OF CONTRACT | ||
| 650 | _aLETTING | ||
| 650 | _aPROPERTY-PROPERTY ACQUISITION AND DISPOSAL | ||
| 650 | _aPROPERTY-PROPERTY ACQUISITION AND DISPOSAL | ||
| 690 |
_aProperty management _96262 |
||
| 700 |
_aCordes, M. _xEditor |
||
| 942 | _n0 | ||
| 999 |
_c102247 _d102247 |
||